000 00278nam a2200097Ia 4500
001 1185401
005 20250827020932.0
008 250824s9999 xx 000 0 und d
245 0 _aAŞAĞİSTANBUL •J2 ¨199
_cMELİS SENA YILMAZ
260 _bGÜNIŞIĞI KİTAPLIĞI YAYINLARI
999 _c1185401
_d1185401